000 00665cam a22002291 4500
001 sg 46000201
003 DLC
005 20260227112749.0
008 750910s1946 mdu 000 0 eng c
010 _asg 46000201
035 _a(OCoLC)1613837
040 _aU.S. Surg.-Gen. Off. Libr.
_cFMU
_dOCoLC
_dDLC
042 _apremarc
050 0 0 _aRC601
_b.S4
082 _a616.8
100 1 _aSeliger, Robert V.
_q(Robert Victor),
_d1900-
245 1 0 _aPsychiatry for you,
_cedited by Robert V. Seliger, M.D.
260 _aBaltimore, Md.,
_bOakridge Press,
_c1946.
300 _a64 p.
_c19 cm.
500 _a"First printing."
650 0 _aPsychiatry
_xPopular works.
999 _c90797
_d90797